| 000 | 00423nam a2200157Ia 4500 | ||
|---|---|---|---|
| 008 | 240821s9999 xx 000 0 und d | ||
| 020 |
_a9780367510527 _qhbk |
||
| 041 | _aeng. | ||
| 082 |
_a536.7 _bORL |
||
| 100 | _aOrlande, Helcio R. B. | ||
| 245 | 0 |
_aThermal Measurements and Inverse Techniques _cHelcio R B Orlande, Et Al |
|
| 260 |
_bCRC _c2020 _aUSA |
||
| 300 | _a756 pages | ||
| 650 | _aPhysics | ||
| 942 | _cENGLISH | ||
| 999 |
_c524939 _d524939 |
||